Statistiques concernant paroles les commandos

Cliquez ici pour prendre le quiz!

Statistiques générales

  • Ce quiz a été pris 12 fois
  • Le résultat moyen est 131 sur 181

Statistiques - réponses

Réponse% Correct
commandos
100%
et
100%
la
100%
l'aventure
100%
le
100%
les
100%
partent
100%
pour
100%
qui
100%
ceux
88%
du
88%
dure
88%
france
88%
je
88%
mer
88%
nuit
88%
ô
88%
pillent
88%
salue
88%
sera
88%
toi
88%
tres
88%
très
88%
tuent
88%
bataille
75%
belle
75%
couchant
75%
ferais
75%
ferrais
75%
ma
75%
père
75%
quitterai
75%
soleil
75%
chez
63%
de
63%
fuse
63%
ils
63%
jamais
63%
l'ennemie
63%
mère
63%
revoir
63%
sans
63%
à
50%
dans
50%
en
50%
espoir
50%
eux
50%
leur
50%
leurs
50%
loin
50%
mort
50%
morts
50%
port
50%
refuse
50%
rentreront
50%
santé
50%
si
50%
sur
50%
toujours
50%
un
50%
biffin
38%
boiront
38%
champagne
38%
dakota
38%
d'aventure
38%
demain
38%
dépose
38%
devenir
38%
envie
38%
éternels
38%
fille
38%
l'oubli
38%
pagayant
38%
pépin
38%
peuvent
38%
prie
38%
reposent
38%
revoirs
38%
songeront
38%
tomberont
38%
vie
38%

Distribution des résultats

Percentile par nombre de réponses

% des personnes avec chaque résultat

Votre développement - résultats

Vous n’avez pas pris ce quiz